| 000 | 02292nam a2200481 a 4500 | ||
|---|---|---|---|
| 001 | ebr10492186 | ||
| 003 | CaPaEBR | ||
| 006 | m u | ||
| 007 | cr cn||||||||| | ||
| 008 | 020514s2002 nmuab sb 001 0 eng d | ||
| 010 | _z 2002007567 | ||
| 020 | _z0826323529 (alk. paper) | ||
| 020 | _z9780826323521 | ||
| 020 | _z9780826323538 (e-book) | ||
| 040 |
_aCaPaEBR _cCaPaEBR |
||
| 035 | _a(OCoLC)644545894 | ||
| 043 | _an-us-co | ||
| 050 | 1 | 4 |
_aF784.D457 _bB76 2002eb |
| 082 | 0 | 4 |
_a978.8/83 _221 |
| 100 | 1 |
_aBrosnan, Kathleen A., _d1960- |
|
| 245 | 1 | 0 |
_aUniting mountain & plain _h[electronic resource] : _bcities, law, and environmental change along the front range / _cKathleen A. Brosnan. |
| 246 | 1 | 8 | _aUniting mountain and plain |
| 250 | _a1st ed. | ||
| 260 |
_aAlbuquerque : _bUniversity of New Mexico Press, _cc2002. |
||
| 300 |
_axii, 276 p. : _bill., maps. |
||
| 500 | _aBased on author's thesis (doctoral)--University of Chicago. | ||
| 504 | _aIncludes bibliographical references (p. 245-270) and index. | ||
| 505 | 0 | _aIntroduction -- Holding the purse strings : Denver emerges -- Vanquishing the Indians : Denver clears the plains -- Taming the desert : Denver turns to agriculture -- Creating a valuable niche : Colorado Springs and the tourist trade -- Forging steel : Pueblo's incomplete challenge -- Mastering nature : reality and illusion. | |
| 533 |
_aElectronic reproduction. _bPalo Alto, Calif. : _cebrary, _d2011. _nAvailable via World Wide Web. _nAccess may be limited to ebrary affiliated libraries. |
||
| 650 | 0 |
_aCity planning _zColorado _vCase studies. |
|
| 651 | 0 |
_aDenver (Colo.) _xHistory. |
|
| 651 | 0 |
_aColorado Springs (Colo.) _xHistory. |
|
| 651 | 0 |
_aPueblo (Colo.) _xHistory. |
|
| 651 | 0 |
_aDenver (Colo.) _xEconomic conditions. |
|
| 651 | 0 |
_aColorado Springs (Colo.) _xEconomic conditions. |
|
| 651 | 0 |
_aPueblo (Colo.) _xEconomic conditions. |
|
| 651 | 0 |
_aDenver (Colo.) _xEnvironmental conditions. |
|
| 651 | 0 |
_aColorado Springs (Colo.) _xEnvironmental conditions. |
|
| 651 | 0 |
_aPueblo (Colo.) _xEnvironmental conditions. |
|
| 655 | 7 |
_aElectronic books. _2local |
|
| 710 | 2 | _aebrary, Inc. | |
| 856 | 4 | 0 |
_uhttp://site.ebrary.com/lib/rucke/Doc?id=10492186 _zAn electronic book accessible through the World Wide Web; click to view |
| 999 |
_c125810 _d125810 |
||